000 02586cam a2200673 a 4500
020 _a9698031197 :
082 0 0 _a954.9105
_bMAT
_cDon
100 1 _aMatinuddin, Kamal.
_95530
245 1 0 _aTragedy of errors :
_bEast Pakistan crisis, 1968-1971 /
_cKamal Matinuddin.
250 _a1st ed.
260 _aLahore, Pakistan :
_bWajidalis,
_c1994.
300 _a530 p. :
_bill., maps ;
_c23 cm.
526 _a0
_b0
_c0
_d954_910500000000000_MAT
526 _a0
_b0
_c0
_d954_910500000000000_MAT
526 _a0
_b0
_c0
_d954_910500000000000_MAT
526 _a0
_b0
_c0
_d954_910500000000000_MAT
526 _a0
_b0
_c0
_d954_910500000000000_MAT
526 _a0
_b0
_c0
_d954_910500000000000_MAT
526 _a0
_b0
_c0
_d954_910500000000000_MAT
526 _a0
_b0
_c0
_d954_910500000000000_MAT
526 _a0
_b0
_c0
_d954_910500000000000_MAT
526 _a0
_b0
_c0
_d954_910500000000000_MAT
526 _a0
_b0
_c0
_d954_910500000000000_MAT
526 _a0
_b0
_c0
_d954_910500000000000_MAT
526 _a0
_b0
_c0
_d954_910500000000000_MAT
526 _a0
_b0
_c0
_d954_910500000000000_MAT
526 _a0
_b0
_c0
_d954_910500000000000_MAT
526 _a0
_b0
_c0
_d954_910500000000000_MAT
526 _a0
_b0
_c0
_d954_910500000000000_MAT
526 _a0
_b0
_c0
_d954_910500000000000_MAT
526 _a0
_b0
_c0
_d954_910500000000000_MAT
526 _a0
_b0
_c0
_d954_910500000000000_MAT
526 _a0
_b0
_c0
_d954_910500000000000_MAT
526 _a0
_b0
_c0
_d954_910500000000000_MAT
526 _a0
_b0
_c0
_d954_910500000000000_MAT
526 _a0
_b0
_c0
_d954_910500000000000_MAT
526 _a0
_b0
_c0
_d954_910500000000000_MAT
526 _a0
_b0
_c0
_d954_910500000000000_MAT
526 _a0
_b0
_c0
_d954_910500000000000_MAT
526 _a0
_b0
_c0
_d954_910500000000000_MAT
526 _a0
_b0
_c0
_d954_910500000000000_MAT
526 _a0
_b0
_c0
_d954_910500000000000_MAT
526 _a0
_b0
_c0
_d954_910500000000000_MAT
526 _a0
_b0
_c0
_d954_910500000000000_MAT
526 _a0
_b0
_c0
_d954_910500000000000_MAT
526 _a0
_b0
_c0
_d954_910500000000000_MAT
526 _a0
_b0
_c0
_d954_910500000000000_MAT
526 _a0
_b0
_c0
_d954_910500000000000_MAT
526 _a0
_b0
_c0
_d954_910500000000000_MAT
526 _a0
_b0
_c0
_d954_910500000000000_MAT
526 _a0
_b0
_c0
_d954_910500000000000_MAT
526 _a0
_b0
_c0
_d954_910500000000000_MAT
526 _a0
_b0
_c0
_d954_910500000000000_MAT
526 _a0
_b0
_c0
_d954_910500000000000_MAT
526 _a0
_b0
_c0
_d954_910500000000000_MAT
650 0 _aIndia-Pakistan Conflict, 1971.
_95188
650 0 _aMCE
_9379
942 _2ddc
_cBK
999 _c549957
_d549957